[Event "Bergische SF 1 - SG Solingen 4"]
[Site "NRW-Klasse - Gruppe 4 2021/20"]
[Date "2022.06.12"]
[Round "5.5"]
[White "Goerke, Joachim"]
[Black "Gutt, Oswald"]
[Result "1-0"]
[WhiteElo "2010"]
[BlackElo "1844"]
[PlyCount "47"]
[EventDate "2022.??.??"]
[SourceVersionDate "2020.03.16"]
[WhiteTeam "SG Solingen 4"]
[BlackTeam "Bergische SF 1"]

1. Nf3 d5 2. d4 Nf6 3. Bf4 g6 4. e3 Bg7 5. c4 c6 6. Nc3 O-O 7. h3 Qa5 8. Qd2
dxc4 9. Bxc4 b5 10. Bd3 Nbd7 11. O-O b4 12. Ne4 Nd5 13. Bh2 Ba6 14. Rfc1 Bxd3
15. Qxd3 Rfc8 16. Nc5 Nxc5 17. Rxc5 Qb6 18. Rac1 e6 19. e4 Bh6 20. exd5 Bxc1
21. dxe6 fxe6 22. Rxc1 c5 23. d5 Rd8 24. d6 1-0

[Event "Bergische SF 1 - SG Solingen 4"]
[Site "NRW-Klasse - Gruppe 4 2021/20"]
[Date "2022.06.12"]
[Round "5.6"]
[White "Schmitt, Karl"]
[Black "Kushchan, Eduard"]
[Result "1/2-1/2"]
[WhiteElo "1656"]
[BlackElo "1990"]
[PlyCount "32"]
[EventDate "2022.??.??"]
[SourceVersionDate "2020.03.16"]
[WhiteTeam "Bergische SF 1"]
[BlackTeam "SG Solingen 4"]

1. d4 d5 2. Nf3 Nf6 3. c4 e6 4. g3 dxc4 5. Qa4+ Nbd7 6. Bg2 a6 7. Nc3 Rb8 8.
Qxc4 b5 9. Qd3 Bb7 10. O-O Nb6 11. Ne5 Bxg2 12. Kxg2 Rc8 13. Nc6 Qd7 14. Ne5
Qd8 15. Nc6 Qd7 16. Ne5 Qd8 1/2-1/2

[Event "Bergische SF 1 - SG Solingen 4"]
[Site "NRW-Klasse - Gruppe 4 2021/20"]
[Date "2022.06.12"]
[Round "5.7"]
[White "Speck, Stefan"]
[Black "Mueller, Andreas"]
[Result "0-1"]
[WhiteElo "1900"]
[BlackElo "1793"]
[PlyCount "66"]
[EventDate "2022.??.??"]
[SourceVersionDate "2020.03.16"]
[WhiteTeam "SG Solingen 4"]
[BlackTeam "Bergische SF 1"]

1. e4 c5 2. Nf3 Nc6 3. d4 cxd4 4. Nxd4 Nf6 5. Nc3 d6 6. Be2 e5 7. Nb3 Be7 8.
O-O O-O 9. Bg5 Nxe4 10. Bxe7 Nxc3 11. Bxd8 Nxd1 12. Bc7 Nxb2 13. Bxd6 Rd8 14.
Ba3 Na4 15. Bd3 Be6 16. f4 f6 17. Rae1 Bd5 18. Re3 Nb6 19. Nd2 exf4 20. Rxf4
Ne5 21. Rh3 Nxd3 22. cxd3 Rac8 23. Rfh4 Rc2 24. Rxh7 Bxg2 25. Rh8+ Kf7 26. Rxd8
Bxh3 27. Ne4 Rg2+ 28. Kh1 Rxa2 29. Bc5 Ra1+ 30. Bg1 a5 31. Rb8 Nd5 32. Rxb7+
Kg6 33. Nf2 Nf4 0-1

[Event "Bergische SF 1 - SG Solingen 4"]
[Site "NRW-Klasse - Gruppe 4 2021/20"]
[Date "2022.06.12"]
[Round "5.8"]
[White "Klein, Dieter"]
[Black "Guelcan, Batuhan Ege"]
[Result "1/2-1/2"]
[WhiteElo "1626"]
[BlackElo "1358"]
[PlyCount "45"]
[EventDate "2022.??.??"]
[SourceVersionDate "2020.03.16"]
[WhiteTeam "Bergische SF 1"]
[BlackTeam "SG Solingen 4"]

1. e4 e5 2. Nf3 Nc6 3. Bc4 Nf6 4. c3 h6 5. O-O d6 6. Qb3 Na5 7. Qb5+ Nc6 8. d4
a6 9. Qa4 Bd7 10. Qc2 Bg4 11. Nbd2 Bd7 12. a4 g6 13. b4 exd4 14. Nxd4 Nxd4 15.
cxd4 Bg7 16. e5 dxe5 17. dxe5 Nh7 18. Nf3 O-O 19. Qxg6 Kh8 20. Qe4 Bc6 21. Qe2
Bxf3 22. Qxf3 Qd4 23. Bd3 1/2-1/2

[Event "SV Weidenau/Geisweid 1 - SC Bonn Beuel "]
[Site "NRW-Klasse - Gruppe 4 2021/20"]
[Date "2022.03.27"]
[Round "7.1"]
[White "Haag, Martin"]
[Black "Scholl, Patrick"]
[Result "1/2-1/2"]
[WhiteElo "2214"]
[BlackElo "2013"]
[PlyCount "55"]
[EventDate "2022.??.??"]
[SourceVersionDate "2020.03.16"]
[WhiteTeam "SC Bonn Beuel 1"]
[BlackTeam "SV Weidenau/Geisweid 1"]

1. c4 c6 2. e4 d5 3. exd5 cxd5 4. d4 Nf6 5. Nc3 Nc6 6. Nf3 Bg4 7. cxd5 Nxd5 8.
Qb3 Bxf3 9. gxf3 e6 10. Qxb7 Nxd4 11. Bb5+ Nxb5 12. Qc6+ Ke7 13. Qc5+ Qd6 14.
Nxd5+ exd5 15. Qxb5 Rb8 16. Qe2+ Kd7 17. O-O Qg6+ 18. Kh1 Bd6 19. Rg1 Qh5 20.
Rg2 Rhe8 21. Qd1 Rb4 22. Be3 Re6 23. f4 Qf5 24. a3 Rc4 25. b3 Rc2 26. Rg5 Qe4+
27. f3 Qxe3 28. Qxc2 1/2-1/2

[Event "SV Weidenau/Geisweid 1 - SC Bonn Beuel "]
[Site "NRW-Klasse - Gruppe 4 2021/20"]
[Date "2022.03.27"]
[Round "7.2"]
[White "Meinhardt, Michael"]
[Black "Hoppe, Thilo"]
[Result "1/2-1/2"]
[WhiteElo "2035"]
[BlackElo "2136"]
[PlyCount "45"]
[EventDate "2022.??.??"]
[SourceVersionDate "2020.03.16"]
[WhiteTeam "SV Weidenau/Geisweid 1"]
[BlackTeam "SC Bonn Beuel 1"]

1. d4 Nf6 2. Nf3 g6 3. g3 d5 4. Bg2 Bg7 5. O-O O-O 6. c4 c6 7. b3 a5 8. Bb2 a4
9. Qc1 Ne4 10. Nfd2 Nxd2 11. Nxd2 Bf5 12. Rd1 axb3 13. axb3 Rxa1 14. Bxa1 Na6
15. Bc3 h5 16. Nf1 Be6 17. Ne3 Qd7 18. Qa3 Ra8 19. cxd5 cxd5 20. Ra1 Nc7 21.
Qc5 Rxa1+ 22. Bxa1 Qc6 23. Qxc6 1/2-1/2

[Event "SV Weidenau/Geisweid 1 - SC Bonn Beuel "]
[Site "NRW-Klasse - Gruppe 4 2021/20"]
[Date "2022.03.27"]
[Round "7.3"]
[White "Lorenz, Roger"]
[Black "Peutz, Arne"]
[Result "1-0"]
[WhiteElo "2136"]
[BlackElo "1849"]
[PlyCount "57"]
[EventDate "2022.??.??"]
[SourceVersionDate "2020.03.16"]
[WhiteTeam "SC Bonn Beuel 1"]
[BlackTeam "SV Weidenau/Geisweid 1"]

1. d4 d5 2. c4 e6 3. Nc3 Nf6 4. cxd5 exd5 5. Bg5 c6 6. Qc2 Be7 7. e3 Nbd7 8.
Bd3 h6 9. Bh4 Nh5 10. Bxe7 Qxe7 11. Nge2 Nb6 12. O-O O-O 13. Rfe1 Be6 14. Rab1
a5 15. Nc1 Rfd8 16. Nb3 Nc8 17. e4 dxe4 18. Bxe4 Nf6 19. Bf3 Qb4 20. Nc5 Bd5
21. Nxd5 Nxd5 22. a3 Qb6 23. Bxd5 cxd5 24. Re5 Qc6 25. Qf5 Nd6 26. Qf3 Nb5 27.
Re7 Qg6 28. Rd1 b6 29. Nd7 1-0

[Event "SV Weidenau/Geisweid 1 - SC Bonn Beuel "]
[Site "NRW-Klasse - Gruppe 4 2021/20"]
[Date "2022.03.27"]
[Round "7.4"]
[White "Piskorz, Andreas"]
[Black "Decker, Nils"]
[Result "0-1"]
[WhiteElo "1870"]
[BlackElo "2117"]
[PlyCount "81"]
[EventDate "2022.??.??"]
[SourceVersionDate "2020.03.16"]
[WhiteTeam "SV Weidenau/Geisweid 1"]
[BlackTeam "SC Bonn Beuel 1"]

1. Nf3 d5 2. b3 Bf5 3. Bb2 Nf6 4. e3 e6 5. Be2 Bd6 6. O-O h6 7. c4 c6 8. Nc3
O-O 9. d3 Bh7 10. cxd5 exd5 11. e4 Nbd7 12. exd5 Nxd5 13. Nxd5 cxd5 14. d4 Qf6
15. Bd3 Be4 16. Bxe4 dxe4 17. Nd2 Qf5 18. Nc4 Bc7 19. Rc1 Bf4 20. Rc3 Rfd8 21.
Ne3 Qg5 22. Qe2 Nf6 23. Rc5 Qg6 24. Nf5 Rd7 25. g3 b6 26. Nh4 Qh7 27. Rc2 Bg5
28. Ng2 Nd5 29. h4 Bf6 30. Qg4 Rad8 31. Rc8 Rd6 32. Ba3 h5 33. Qh3 Re6 34. Rfc1
Qg6 35. Rxd8+ Bxd8 36. Rc8 Qf6 37. Bc1 Qe7 38. Bg5 Nf6 39. Nf4 Rd6 40. Nxh5
Rxd4 41. Qf5 0-1

[Event "SV Weidenau/Geisweid 1 - SC Bonn Beuel "]
[Site "NRW-Klasse - Gruppe 4 2021/20"]
[Date "2022.03.27"]
[Round "7.5"]
[White "Koch, Matthias"]
[Black "Boushmelev, Daniel"]
[Result "1-0"]
[WhiteElo "1955"]
[BlackElo "1722"]
[PlyCount "63"]
[EventDate "2022.??.??"]
[SourceVersionDate "2020.03.16"]
[WhiteTeam "SC Bonn Beuel 1"]
[BlackTeam "SV Weidenau/Geisweid 1"]

1. e4 c6 2. d4 d5 3. Nc3 dxe4 4. Nxe4 Bf5 5. Ng3 Bg6 6. h4 h6 7. h5 Bh7 8. Nf3
Nd7 9. Bd3 Bxd3 10. Qxd3 Ngf6 11. Bd2 e6 12. O-O-O Be7 13. Ne4 Nxe4 14. Qxe4
Nf6 15. Qe2 Qd5 16. c4 Qe4 17. Qxe4 Nxe4 18. Be3 O-O 19. Ne5 Rfd8 20. g4 Bf6
21. f3 Nd6 22. b3 a5 23. a4 Ne8 24. f4 Bxe5 25. dxe5 Rdb8 26. Bb6 Ra6 27. c5
Kf8 28. Rd7 f6 29. g5 hxg5 30. h6 Kg8 31. hxg7 Nxg7 32. exf6 1-0

[Event "SV Weidenau/Geisweid 1 - SC Bonn Beuel "]
[Site "NRW-Klasse - Gruppe 4 2021/20"]
[Date "2022.03.27"]
[Round "7.7"]
[White "Goergen, Christian"]
[Black "Knetsch, Alfred"]
[Result "1-0"]
[WhiteElo "1991"]
[BlackElo "1452"]
[PlyCount "59"]
[EventDate "2022.??.??"]
[SourceVersionDate "2020.03.16"]
[WhiteTeam "SC Bonn Beuel 1"]
[BlackTeam "SV Weidenau/Geisweid 1"]

1. c4 c5 2. g3 Nc6 3. Bg2 g6 4. Nc3 Bg7 5. Nf3 e5 6. O-O Nge7 7. d3 d6 8. Rb1
Rb8 9. a3 O-O 10. b4 cxb4 11. axb4 b6 12. b5 Na5 13. Nd2 f5 14. Nb3 Nxb3 15.
Qxb3 Be6 16. Nd5 Nxd5 17. cxd5 Bd7 18. Ba3 Rf6 19. Rbc1 Rc8 20. Rxc8 Bxc8 21.
Rc1 Bb7 22. Qa4 Qb8 23. Qc4 Rf7 24. e3 Kh8 25. Qb4 Bf8 26. f4 a6 27. bxa6 Bxa6
28. Rc6 Rb7 29. fxe5 dxe5 30. Qxf8+ 1-0

[Event "SV Weidenau/Geisweid 1 - SC Bonn Beuel "]
[Site "NRW-Klasse - Gruppe 4 2021/20"]
[Date "2022.03.27"]
[Round "7.8"]
[White "Utsch, Tom"]
[Black "Calderón, Luis"]
[Result "0-1"]
[WhiteElo "1465"]
[BlackElo "1758"]
[PlyCount "64"]
[EventDate "2022.??.??"]
[SourceVersionDate "2020.03.16"]
[WhiteTeam "SV Weidenau/Geisweid 1"]
[BlackTeam "SC Bonn Beuel 1"]

1. e4 e6 2. b3 d5 3. Bb2 dxe4 4. Nc3 Nf6 5. Qe2 Be7 6. Nxe4 O-O 7. Nf3 b6 8.
Qe3 Bb7 9. Bd3 Nbd7 10. h4 Nc5 11. Nxc5 Bxc5 12. Qg5 Bxf3 13. gxf3 Bd4 14. Rg1
Ne8 15. Qh6 g6 16. O-O-O Bxb2+ 17. Kxb2 Qd4+ 18. Kb1 Qg7 19. Qe3 Nf6 20. f4 c5
21. f5 exf5 22. Bxf5 Rfe8 23. Qf3 Rad8 24. c3 Rd5 25. Bc2 Red8 26. Qe3 Rh5 27.
Qe7 Rd7 28. Qe3 Rxh4 29. Qg3 Qh6 30. Qe5 Qf4 31. Qe2 Rh2 32. Rgf1 Kg7 0-1

[Event "Godesberger SK 2 - Hellertaler SF 1"]
[Site "NRW-Klasse - Gruppe 4 2021/20"]
[Date "2022.03.27"]
[Round "7.1"]
[White "Reiffenrath, Christian"]
[Black "Mantau, Jan"]
[Result "0-1"]
[WhiteElo "1997"]
[BlackElo "2184"]
[PlyCount "100"]
[EventDate "2022.??.??"]
[SourceVersionDate "2020.03.16"]
[WhiteTeam "Hellertaler SF 1"]
[BlackTeam "Godesberger SK 2"]

1. f4 d5 2. Nf3 c5 3. e3 Nc6 4. Bb5 Bg4 5. O-O Nf6 6. h3 Bd7 7. d4 e6 8. c3 Bd6
9. Qe2 Ne4 10. Qe1 O-O 11. Nbd2 Nxd2 12. Qxd2 Nxd4 13. Nxd4 cxd4 14. Bxd7 dxe3
15. Qxe3 Qxd7 16. f5 exf5 17. Qg5 Rfe8 18. Bf4 f6 19. Qh5 Bc5+ 20. Kh1 Re4 21.
Rad1 Rae8 22. Bh2 g6 23. Qf3 Qe6 24. Bg1 Bxg1 25. Rxg1 Re7 26. Qd3 Rd7 27. Qg3
f4 28. Qf2 a6 29. Rd2 g5 30. Rgd1 Kg7 31. b3 b5 32. Qf1 h5 33. c4 bxc4 34. bxc4
d4 35. c5 g4 36. Rf2 Qe5 37. c6 Rc7 38. Qxa6 Qd5 39. Qf1 gxh3 40. Kh2 Rxc6 41.
gxh3 Rc3 42. Rdd2 Qg5 43. Rg2 Rg3 44. Qa6 Qf5 45. Qb7+ Kh6 46. Rxg3 fxg3+ 47.
Kg2 Rf4 48. Rb2 Rf2+ 49. Kg1 Qf4 50. Rb1 Re2 0-1

[Event "Godesberger SK 2 - Hellertaler SF 1"]
[Site "NRW-Klasse - Gruppe 4 2021/20"]
[Date "2022.03.27"]
[Round "7.2"]
[White "Gerusel, Mathias"]
[Black "Mueller, Sven"]
[Result "1/2-1/2"]
[WhiteElo "2161"]
[BlackElo "1968"]
[PlyCount "100"]
[EventDate "2022.??.??"]
[SourceVersionDate "2020.03.16"]
[WhiteTeam "Godesberger SK 2"]
[BlackTeam "Hellertaler SF 1"]

1. d4 Nf6 2. c4 g6 3. Nc3 Bg7 4. e4 d6 5. h3 O-O 6. Nf3 e5 7. Be3 a5 8. d5 Na6
9. Nd2 Nd7 10. g4 Qe7 11. Bd3 Ndc5 12. Bb1 c6 13. Qe2 Bd7 14. a4 Nb4 15. Ra3 f5
16. gxf5 gxf5 17. exf5 Bxf5 18. Nde4 cxd5 19. cxd5 Nxe4 20. Bxe4 Rac8 21. Bxf5
Rxf5 22. Qg4 Nc2+ 23. Kd1 Nxe3+ 24. fxe3 Rcf8 25. Ne4 Qf7 26. Rd3 Rf1+ 27. Rxf1
Qxf1+ 28. Kc2 Kh8 29. Rc3 Qa1 30. Rc8 Qxa4+ 31. Kb1 Qb5 32. Nc3 Qd3+ 33. Ka2
Qxe3 34. Rxf8+ Bxf8 35. Qc8 Qf4 36. Qxb7 e4 37. Qb6 e3 38. Qb5 Kg8 39. Qe8 Kg7
40. Qe6 Qe5 41. Qg4+ Kf7 42. Kb3 Bg7 43. Kc4 h5 44. Qf3+ Kg6 45. Kb5 Qe8+ 46.
Kxa5 Bxc3+ 47. bxc3 e2 48. Qg3+ Kf5 49. Qf3+ Kg5 50. Qg3+ Kf5 1/2-1/2

[Event "Godesberger SK 2 - Hellertaler SF 1"]
[Site "NRW-Klasse - Gruppe 4 2021/20"]
[Date "2022.03.27"]
[Round "7.3"]
[White "Petri, Wolfgang"]
[Black "Luebsen, Keno"]
[Result "0-1"]
[WhiteElo "1920"]
[BlackElo "2087"]
[PlyCount "40"]
[EventDate "2022.??.??"]
[SourceVersionDate "2020.03.16"]
[WhiteTeam "Hellertaler SF 1"]
[BlackTeam "Godesberger SK 2"]

1. e4 e6 2. d4 d5 3. Nc3 Nf6 4. Bg5 Bb4 5. e5 h6 6. Bd2 Bxc3 7. bxc3 Ne4 8. h4
O-O 9. Bxh6 gxh6 10. Qg4+ Kh7 11. Bd3 f5 12. exf6 Qxf6 13. f3 e5 14. Qg3 Bf5
15. fxe4 dxe4 16. Bc4 exd4 17. Ne2 Qc6 18. O-O-O Qxc4 19. Rxd4 Qxa2 20. Kd2 Nc6
0-1

[Event "Godesberger SK 2 - Hellertaler SF 1"]
[Site "NRW-Klasse - Gruppe 4 2021/20"]
[Date "2022.03.27"]
[Round "7.4"]
[White "Mittmann, Johannes"]
[Black "Petri, Raphael"]
[Result "1-0"]
[WhiteElo "2105"]
[BlackElo "1868"]
[PlyCount "63"]
[EventDate "2022.??.??"]
[SourceVersionDate "2020.03.16"]
[WhiteTeam "Godesberger SK 2"]
[BlackTeam "Hellertaler SF 1"]

1. e4 c5 2. Nf3 g6 3. d4 cxd4 4. Nxd4 Bg7 5. Nc3 Nc6 6. Be3 d6 7. Qd2 Nf6 8. f3
a6 9. O-O-O O-O 10. h4 h5 11. Kb1 Ne5 12. Bg5 Kh7 13. Nd5 Nxd5 14. exd5 f6 15.
Be3 f5 16. Bg5 Nf7 17. Be3 Bd7 18. Be2 Nh6 19. Rhe1 Rc8 20. Bg5 Nf7 21. g4 Nxg5
22. hxg5 Qb6 23. gxh5 gxh5 24. f4 e5 25. dxe6 Bxe6 26. Bxh5 Bd5 27. Qh2 Bxd4
28. Bf3+ Kg8 29. Bxd5+ Rf7 30. Bxf7+ Kxf7 31. Qh7+ Bg7 32. Qxf5+ 1-0

[Event "Godesberger SK 2 - Hellertaler SF 1"]
[Site "NRW-Klasse - Gruppe 4 2021/20"]
[Date "2022.03.27"]
[Round "7.5"]
[White "Mellmann, Matthias"]
[Black "Koegler, Christof"]
[Result "0-1"]
[WhiteElo "1845"]
[BlackElo "2031"]
[PlyCount "50"]
[EventDate "2022.??.??"]
[SourceVersionDate "2020.03.16"]
[WhiteTeam "Hellertaler SF 1"]
[BlackTeam "Godesberger SK 2"]

1. e4 c5 2. Nc3 e6 3. g3 Nc6 4. Bg2 Nf6 5. Nge2 Be7 6. O-O O-O 7. d4 cxd4 8.
Nxd4 d6 9. h3 Qb6 10. Nb3 Rd8 11. Be3 Qc7 12. f4 d5 13. e5 Nd7 14. Nb5 Qb8 15.
N5d4 Nb6 16. Qg4 Nc4 17. Rae1 a5 18. Nxc6 bxc6 19. Bd4 a4 20. Nc5 Qb5 21. Nd3
c5 22. Bf2 Nd2 23. Be3 Nxf1 24. Bxf1 c4 25. Nc1 d4 0-1

[Event "Godesberger SK 2 - Hellertaler SF 1"]
[Site "NRW-Klasse - Gruppe 4 2021/20"]
[Date "2022.03.27"]
[Round "7.6"]
[White "Mueller-Boge, Michael"]
[Black "Siebel, Holger"]
[Result "1-0"]
[WhiteElo "1984"]
[BlackElo "1772"]
[PlyCount "105"]
[EventDate "2022.??.??"]
[SourceVersionDate "2020.03.16"]
[WhiteTeam "Godesberger SK 2"]
[BlackTeam "Hellertaler SF 1"]

1. e4 c5 2. Nf3 d6 3. d4 cxd4 4. Nxd4 g6 5. c4 Bg7 6. Nc3 Nc6 7. Be3 Nf6 8. f3
h5 9. Qd2 Bd7 10. h4 Qc8 11. Be2 Ne5 12. Rc1 O-O 13. b3 b6 14. O-O Qb7 15. Bg5
Rfe8 16. Nc2 Nh7 17. Be3 Rac8 18. Rfd1 Nf6 19. Nb4 Kh7 20. Bg5 Nc6 21. Nbd5 Ng8
22. Be3 Nh6 23. Nb5 f5 24. Bd3 Ne5 25. Bb1 fxe4 26. Bxe4 Bc6 27. Nd4 e6 28.
Nxc6 exd5 29. cxd5 Nf5 30. Nxe5 Bxe5 31. Rxc8 Rxc8 32. Bxf5 gxf5 33. Qd3 Qf7
34. Rc1 Rxc1+ 35. Bxc1 Kg6 36. Bg5 Qc7 37. g4 Qc8 38. Kg2 Qd7 39. Qc2 Qf7 40.
Qd3 Qd7 41. gxh5+ Kxh5 42. f4 Bg7 43. Qe2+ Kg6 44. h5+ Kf7 45. h6 Bh8 46. Qh5+
Kf8 47. h7 Qf7 48. Qh6+ Ke8 49. Qxd6 Qxh7 50. Qd8+ Kf7 51. Qe7+ Kg6 52. Qxh7+
Kxh7 53. d6 1-0

[Event "Godesberger SK 2 - Hellertaler SF 1"]
[Site "NRW-Klasse - Gruppe 4 2021/20"]
[Date "2022.03.27"]
[Round "7.7"]
[White "Hassler, Rolf"]
[Black "Selalmazidis, Arsenis"]
[Result "0-1"]
[WhiteElo "1762"]
[BlackElo "1898"]
[PlyCount "104"]
[EventDate "2022.??.??"]
[SourceVersionDate "2020.03.16"]
[WhiteTeam "Hellertaler SF 1"]
[BlackTeam "Godesberger SK 2"]

1. e4 c5 2. Nc3 Nc6 3. g3 g6 4. Bg2 Bg7 5. d3 d6 6. Be3 e6 7. Qd2 h5 8. h4 Rb8
9. Nh3 Nge7 10. O-O Qa5 11. Nd1 Qxd2 12. Bxd2 b5 13. Bf4 Ne5 14. Nc3 b4 15. Ne2
N7c6 16. Bd2 Nd4 17. Nxd4 cxd4 18. f4 Ng4 19. Rfc1 Ba6 20. b3 Bb7 21. Bxb4 Rc8
22. Bxd6 Ne3 23. a4 Kd7 24. Be5 Bxe5 25. fxe5 Nxc2 26. Ra2 Nb4 27. Rxc8 Rxc8
28. Rf2 Ke8 29. Ng5 Rc7 30. Bf1 a5 31. Nf3 Rc1 32. Kg2 Nc6 33. Kh3 Ba6 34. g4
hxg4+ 35. Kxg4 Rd1 36. Be2 Rb1 37. Kf4 Rxb3 38. Nd2 Rb2 39. Bf1 Nb4 40. Kg3
Nxd3 41. Bxd3 Bxd3 42. Nf3 Rxf2 43. Kxf2 Bc2 44. Nxd4 Bxa4 45. Ke3 Kf8 46. Ne2
Kg7 47. Kd4 Kh6 48. Ng3 g5 49. h5 Bd1 50. Kc5 Bxh5 51. Kb5 Bf3 52. Kxa5 g4 0-1

[Event "Godesberger SK 2 - Hellertaler SF 1"]
[Site "NRW-Klasse - Gruppe 4 2021/20"]
[Date "2022.03.27"]
[Round "7.8"]
[White "Mueller, Dominik"]
[Black "Herfel, Manfred"]
[Result "1-0"]
[WhiteElo "1853"]
[BlackElo "1715"]
[PlyCount "111"]
[EventDate "2022.??.??"]
[SourceVersionDate "2020.03.16"]
[WhiteTeam "Godesberger SK 2"]
[BlackTeam "Hellertaler SF 1"]

1. Nf3 Nf6 2. d4 g6 3. c4 d6 4. Nc3 Bg7 5. e4 O-O 6. Be2 Nc6 7. d5 Nb8 8. Be3
c5 9. h3 Qa5 10. O-O Nbd7 11. Nd2 a6 12. f4 Rb8 13. a3 b5 14. Qc2 b4 15. Nb3
Qc7 16. axb4 Rxb4 17. Na5 Nb8 18. Bd2 Nfd7 19. Nd1 Bd4+ 20. Kh1 Rb6 21. Nb3 Qb7
22. Nxd4 cxd4 23. Ba5 Nc5 24. Bxb6 Qxb6 25. Nf2 Nbd7 26. Bf3 e5 27. f5 Nf6 28.
g4 g5 29. Ra3 Kg7 30. Kg2 h6 31. Rh1 Qb4 32. Nd3 Nxd3 33. Rxd3 Nd7 34. Qb3 Qa5
35. Qa3 Qc7 36. Rc1 Nc5 37. Rd2 a5 38. b4 axb4 39. Qxb4 Qa7 40. Rb1 Ba6 41. Ra2
Qd7 42. Be2 Rc8 43. Qb6 d3 44. Bxd3 Nxd3 45. Qxa6 Qc7 46. Rb7 Qc5 47. Qa7 Rf8
48. Qxc5 Nxc5 49. Rb6 Rd8 50. Kf3 Rd7 51. Ke3 Kf6 52. Ra8 Kg7 53. Rbb8 Kf6 54.
Rh8 Rb7 55. Rxh6+ Ke7 56. f6+ 1-0

[Event "SF Stadtverwaltung Bonn 1 - Siegener SV"]
[Site "NRW-Klasse - Gruppe 4 2021/20"]
[Date "2022.03.27"]
[Round "7.1"]
[White "Richter, Gerald"]
[Black "Horstmann, Olaf"]
[Result "0-1"]
[WhiteElo "1959"]
[BlackElo "2125"]
[PlyCount "82"]
[EventDate "2022.??.??"]
[SourceVersionDate "2020.03.16"]
[WhiteTeam "Siegener SV 1"]
[BlackTeam "SF Stadtverwaltung Bonn 1"]

1. d4 e6 2. c4 f5 3. g3 Nf6 4. Bg2 c6 5. Nf3 d5 6. O-O Bd6 7. b3 Qe7 8. a4 O-O
9. Ba3 Bxa3 10. Nxa3 a5 11. Nc2 b6 12. Nce1 Bb7 13. Nd3 Nbd7 14. Qc2 c5 15. e3
Rac8 16. Rfc1 Rfd8 17. Qb2 Ba6 18. Nde5 Nxe5 19. Nxe5 Bb7 20. Rc2 Nd7 21. Nf3
Ba6 22. Rac1 Qd6 23. cxd5 exd5 24. Qa3 Rc7 25. Bf1 Bxf1 26. Kxf1 Qe6 27. Kg1
Qe4 28. Ng5 Qe7 29. Nf3 Rdc8 30. dxc5 bxc5 31. Nd4 Ne5 32. Nxf5 Nf3+ 33. Kf1
Qf6 34. Nh4 Nxh2+ 35. Kg2 Ng4 36. Nf3 Rf8 37. Nd4 cxd4 38. Rxc7 Qf3+ 39. Kh3
Nxf2+ 40. Kh2 Qh5+ 41. Kg2 Qh3+ 0-1

[Event "SF Stadtverwaltung Bonn 1 - Siegener SV"]
[Site "NRW-Klasse - Gruppe 4 2021/20"]
[Date "2022.03.27"]
[Round "7.2"]
[White "Limp, Roland"]
[Black "Besser, Jochen"]
[Result "1/2-1/2"]
[WhiteElo "2112"]
[BlackElo "1897"]
[PlyCount "42"]
[EventDate "2022.??.??"]
[SourceVersionDate "2020.03.16"]
[WhiteTeam "SF Stadtverwaltung Bonn 1"]
[BlackTeam "Siegener SV 1"]

1. c4 c5 2. Nc3 g6 3. g3 Bg7 4. Bg2 Nc6 5. d3 d6 6. e4 e5 7. Nge2 Nge7 8. Be3
O-O 9. Qd2 Rb8 10. h4 h5 11. O-O Be6 12. Nd5 Nd4 13. Rab1 Nec6 14. Nec3 a5 15.
a4 Ne7 16. f3 Nxd5 17. Nxd5 Bxd5 18. exd5 b6 19. Bxd4 exd4 20. Rbe1 Qd7 21. b3
Rfe8 1/2-1/2

[Event "SF Stadtverwaltung Bonn 1 - Siegener SV"]
[Site "NRW-Klasse - Gruppe 4 2021/20"]
[Date "2022.03.27"]
[Round "7.3"]
[White "Wallasch, Thomas"]
[Black "Suppert, Timur"]
[Result "0-1"]
[WhiteElo "1831"]
[BlackElo "2099"]
[PlyCount "56"]
[EventDate "2022.??.??"]
[SourceVersionDate "2020.03.16"]
[WhiteTeam "Siegener SV 1"]
[BlackTeam "SF Stadtverwaltung Bonn 1"]

1. d4 f5 2. c4 Nf6 3. Nf3 g6 4. g3 Bg7 5. Bg2 O-O 6. O-O d6 7. Nc3 Nc6 8. a3 e5
9. dxe5 dxe5 10. Bg5 e4 11. Ne1 Qxd1 12. Rxd1 Na5 13. c5 Nb3 14. Nb5 c6 15. Nc7
Rb8 16. Bf4 Bd7 17. Bd6 Rbc8 18. f3 Rf7 19. Nc2 Bf8 20. fxe4 Nxc5 21. e5 Bxd6
22. Rxd6 Nfe4 23. Bxe4 Nxe4 24. Rfd1 Nxd6 25. exd6 Rd8 26. Ne3 Bc8 27. a4 Kg7
28. Nc4 Rxc7 0-1

[Event "SF Stadtverwaltung Bonn 1 - Siegener SV"]
[Site "NRW-Klasse - Gruppe 4 2021/20"]
[Date "2022.03.27"]
[Round "7.4"]
[White "Wagner, Rainer"]
[Black "Scholl, Eckhard"]
[Result "1/2-1/2"]
[WhiteElo "2053"]
[BlackElo "1898"]
[PlyCount "101"]
[EventDate "2022.??.??"]
[SourceVersionDate "2020.03.16"]
[WhiteTeam "SF Stadtverwaltung Bonn 1"]
[BlackTeam "Siegener SV 1"]

1. d4 c5 2. d5 g6 3. c4 Bg7 4. Nf3 d6 5. g3 e6 6. Nc3 exd5 7. cxd5 Ne7 8. Bg2
Na6 9. O-O Rb8 10. a4 Nb4 11. Ne1 O-O 12. Nc2 Nxc2 13. Qxc2 Nf5 14. e3 b6 15.
Bd2 a6 16. Ne2 h5 17. Bc3 Bd7 18. Bxg7 Nxg7 19. Rfe1 b5 20. axb5 Bxb5 21. Nc3
Qe7 22. e4 Rfd8 23. f4 Kh7 24. e5 Nf5 25. Qf2 Bd3 26. Rad1 c4 27. Be4 Qb7 28.
Bxd3 cxd3 29. Rxd3 Qxb2 30. Ne4 Qxf2+ 31. Kxf2 Kg7 32. e6 Rb2+ 33. Re2 Rxe2+
34. Kxe2 a5 35. exf7 Kxf7 36. Ra3 Ra8 37. Ra4 Ra6 38. Kd3 Ne7 39. Kc4 Nc8 40.
Kb5 Rb6+ 41. Kxa5 Rb2 42. Rc4 Nb6 43. Nxd6+ Ke7 44. Nc8+ Nxc8 45. Rxc8 Kd6 46.
Rc6+ Kxd5 47. Rxg6 Rxh2 48. Kb6 Ke4 49. Kc5 h4 50. Re6+ Kf3 51. gxh4 1/2-1/2

[Event "SF Stadtverwaltung Bonn 1 - Siegener SV"]
[Site "NRW-Klasse - Gruppe 4 2021/20"]
[Date "2022.03.27"]
[Round "7.5"]
[White "Pramann, Juergen"]
[Black "Dehmel, Jens"]
[Result "0-1"]
[WhiteElo "1663"]
[BlackElo "2008"]
[PlyCount "68"]
[EventDate "2022.??.??"]
[SourceVersionDate "2020.03.16"]
[WhiteTeam "Siegener SV 1"]
[BlackTeam "SF Stadtverwaltung Bonn 1"]

1. e4 e5 2. Nf3 Nc6 3. Bc4 Bc5 4. c3 Nf6 5. b4 Bb6 6. d3 d6 7. a4 a6 8. Bb2 Ne7
9. Nbd2 Ng6 10. Qb3 O-O 11. Ng5 Qe7 12. h4 h6 13. h5 Nf4 14. Ngf3 Be6 15. O-O-O
Nxd3+ 16. Kc2 Bxc4 17. Qxc4 Nxf2 18. Qe2 Nxd1 19. Kxd1 d5 20. exd5 Nxd5 21. g4
Rad8 22. g5 e4 23. Nh4 e3 24. gxh6 exd2 25. Qxe7 Nxe7 26. c4 Bd4 27. Ba3 Nc6
28. b5 Ne5 29. Nf5 Nxc4 30. Bxf8 Rxf8 31. hxg7 Rd8 32. Ne7+ Kxg7 33. h6+ Kh7
34. Rf1 Ne3+ 0-1

[Event "SF Stadtverwaltung Bonn 1 - Siegener SV"]
[Site "NRW-Klasse - Gruppe 4 2021/20"]
[Date "2022.03.27"]
[Round "7.6"]
[White "Nenner, Thomas"]
[Black "Lichte, Sven"]
[Result "1/2-1/2"]
[WhiteElo "1984"]
[BlackElo "1633"]
[PlyCount "65"]
[EventDate "2022.??.??"]
[SourceVersionDate "2020.03.16"]
[WhiteTeam "SF Stadtverwaltung Bonn 1"]
[BlackTeam "Siegener SV 1"]

1. d4 Nf6 2. c4 g6 3. Nc3 Bg7 4. e4 d6 5. f3 O-O 6. Be3 Nc6 7. Nge2 e5 8. d5
Ne7 9. g4 Ne8 10. Ng3 f5 11. gxf5 gxf5 12. Bg5 Nf6 13. Rg1 f4 14. Nh1 Kf7 15.
Qe2 Rg8 16. Qf2 h6 17. Bh4 Ng6 18. O-O-O Bd7 19. c5 a6 20. c6 bxc6 21. dxc6 Be6
22. Nd5 Nxh4 23. Qxh4 Nxd5 24. Qh5+ Kf8 25. exd5 Bf7 26. Qf5 Qf6 27. Bh3 Rb8
28. b3 Qxf5 29. Bxf5 Rb5 30. Be4 Bf6 31. Rxg8+ Kxg8 32. Nf2 h5 33. Rd3 1/2-1/2